000 00342nam a2200133Ia 4500
008 240624s9999 xx 000 0 und d
041 _aeng
082 _a650.1082 KIN
100 _aKING EDEN
245 _aHOW WOMEN CAN MAKE IT WORK THE SCIENCE O
260 _c2011
_aLondon
_bPraeger
300 _axxi, : 327 : p. : cm. ; 24
365 _c
_b30
999 _c26944
_d26944